000 00581nam a22001577a 4500
005 20251108174749.0
008 250721s2005 xx 000 0 ara d
082 1 4 _aم/338.9/لجن
245 1 0 _aإسكوا : التقرير السنوي 2004 /
264 1 _aبيروت :
_bاللجنة الاقتصادية و الاجتماعية لغربي آسيا ( اسكوا )،
_c2005.
300 _a59 ص.
650 1 7 _aالتنميه الاقتصاديه
650 1 7 _aاللجنه الاجتماعيه االاتصاديه لغرب اسيا
942 _2ddc
_cREF
999 _c117434
_d117434